Statistics for Category Elimination - Words #2

Click here to take the quiz!

General Stats

  • This quiz has been taken 60,710 times
  • The average score is 13 of 20

Answer Stats

Group#Category% Correct
Green1573Any word containing GH
96%
Orange681Any 5 letter word starting with C
94%
Green576... which is at most 8 letters long
91%
Green119... which ends in T
86%
Orange208... which ends in a vowel
83%
Green35... which contains an O
82%
Purple1140... which doesn't contain a Y
82%
Purple1492Words with U but not A, E, I and O
82%
Purple36... which starts with R
80%
Blue107Any palindrome* word
reads the same forwards and backwards
79%
Purple16... which is 4 letters long
76%
Green1... and begins with GGhost
55%
Orange15... which contains a second C
54%
Blue39... with at least 5 letters
50%
Blue13... which contains the letter A
42%
Purple1... and commonly appears after GoldRush
39%
Orange7... which is plural
30%
Blue3... which starts with an S
23%
Blue1... and is worth 5 points in ScrabbleStats
17%
Orange1... which are commonly greenCacti
16%

Score Distribution

Percentile by Number Answered

Percent of People with Each Score

Your Score History

You have not taken this quiz